000 00369nam a2200157Ia 4500
005 20240807062351.0
008 240806s9999||||xx |||||||||||||| ||eng||
041 _aeng
082 _a891.4312
_bKABI
100 _aHarishankar Parsaee
245 0 _aKahat kabeer /
_cHarishankar Parsaee
260 _bGyan Bharti Delhi
300 _a0
650 _aHindi
942 _cBK
999 _c16821
_d16821